Largest Cities in Europe Beginning With 'S' - Statistics

General Stats
  • This quiz has been taken 440 times
  • The average score is 13 of 22
Answer Stats
# Population Country Answer % Correct
3 2,200,000 Sweden Stockholm
99%
1 5,600,000 Russia Saint Petersburg
98%
5 1,450,000 Bulgaria Sofia
97%
6 1,300,000 Spain Sevilla
91%
2 2,400,000 Germany Stuttgart
91%
21 348,363 Bosnia and Herzegovina Sarajevo
85%
17 422,540 North Macedonia Skopje
85%
4 1,570,000 United Kingdom Sheffield
83%
8 1,160,000 United Kingdom Southampton
76%
13 484,217 France Strasbourg
58%
7 1,280,000 Russia Samara
56%
18 409,273 United Kingdom Swansea
50%
12 485,386 Ukraine Sevastopol
49%
9 1,070,000 Russia Saratov
43%
14 466,078 Russia Sochi
39%
15 437,865 United Kingdom Stoke-on-Trent
37%
10 817,100 Germany Saarbrücken - Homburg
35%
19 396,168 Poland Szczecin
35%
20 375,389 France Saint-Étienne
33%
22 340,540 Ukraine Simferopol
21%
11 547,443 Russia Stavropol
14%
16 434,083 Spain Santa Cruz de Tenerife
8%
No matching quizzes found
Score Distribution
Percent of People with Each Score
Percentile by Number Answered
Your Score History
You have not taken this quiz